RAJPATH SE LOKPATH PAR (Record no. 26285)

MARC details
000 -LEADER
fixed length control field 00325nam a22001457a 4500
003 - CONTROL NUMBER IDENTIFIER
control field SGT
020 ## - INTERNATIONAL STANDARD BOOK NUMBER
International Standard Book Number 978817315225X
082 ## - DEWEY DECIMAL CLASSIFICATION NUMBER
Classification number 920.72
Item number R97S
100 ## - MAIN ENTRY--PERSONAL NAME
Personal name SINHA, MRIDULA
245 ## - TITLE STATEMENT
Title RAJPATH SE LOKPATH PAR
260 ## - PUBLICATION, DISTRIBUTION, ETC. (IMPRINT)
Place of publication, distribution, etc INDIA
Name of publisher, distributor, etc PRABHAT PRAKASHAN
Year of Publication 1997
300 ## - PAGE DESCRIPTION
No. of Pages 340
650 ## - SUBJECT ADDED ENTRY--TOPICAL TERM
Topical term or geographic name as entry element INDIAN HISTORY
942 ## - ADDED ENTRY ELEMENTS (KOHA)
Source of classification or shelving scheme Dewey Decimal Classification
Koha item type Books
Holdings
Withdrawn status Lost status Source of classification or shelving scheme Damaged status Not for loan Home library Current library Shelving location Date acquired Vendor Name Cost, normal purchase price SGTU Total Checkouts Full call number Accession No. (Barcode) Date last seen Bill Date Koha item type
    Dewey Decimal Classification   Not For Loan SGT Chancellor's Library SGT Chancellor's Library Reference Book 26/04/2024 SGT CHANCELLOR'S COLLECTION 300.00 SGTU   920.72 R97S CH511 26/04/2024 26/04/2024 Books